RICS-taxatiestandaarden Nederlandse editie or RICS valuation standards (Record no. 115960)

MARC details
000 -LEADER
fixed length control field 02509cam a22003855a 4500
001 - CONTROL NUMBER
control field L159501
008 - FIXED-LENGTH DATA ELEMENTS--GENERAL INFORMATION
fixed length control field 090403s2009 xxk f f 000 0 eng d
020 ## - INTERNATIONAL STANDARD BOOK NUMBER
International Standard Book Number 9781842194744
035 ## - SYSTEM CONTROL NUMBER
System control number (Sirsi) u159501
041 0# - LANGUAGE CODE
Language code of text/sound track or separate title dut
050 04 - LIBRARY OF CONGRESS CALL NUMBER
Classification number 333.332 $2 18
110 2# - MAIN ENTRY--CORPORATE NAME
Corporate name or jurisdiction name as entry element Royal Institution of Chartered Surveyors
9 (RLIN) 4900
240 00 - UNIFORM TITLE
Uniform title Red Book
245 00 - TITLE STATEMENT
Title RICS-taxatiestandaarden Nederlandse editie or RICS valuation standards
Remainder of title Maart 2009 [global edition]
250 ## - EDITION STATEMENT
Edition statement 6th ed. [Dutch edition]
260 ## - PUBLICATION, DISTRIBUTION, ETC.
Place of publication, distribution, etc. Coventry
Name of publisher, distributor, etc. RICS
Date of publication, distribution, etc. 2009
300 ## - PHYSICAL DESCRIPTION
Extent x, 113p.
Dimensions 24cm.
490 #0 - SERIES STATEMENT
Series statement RICS Guidance Note
490 #0 - SERIES STATEMENT
Series statement RICS Practice Statement
490 #0 - SERIES STATEMENT
Series statement RICS Valuation Information Paper
490 ## - SERIES STATEMENT
Series statement RICS Red Book
505 2# - FORMATTED CONTENTS NOTE
Formatted contents note Introduction: Purpose of these standards -- International Valuation Standards -- Enforcement of these Standards -- How these standards are arranged -- Amendments and exposure drafts -- Effective date
505 2# - FORMATTED CONTENTS NOTE
Formatted contents note Glossary
505 2# - FORMATTED CONTENTS NOTE
Formatted contents note Practice statements: PS1 Compliance and ethical requirements -- PS2 Agreement of terms of engagement -- PS3 Basis of value -- PS4 Applications -- PS5 Investigations -- PS6 Valuation Reports
505 2# - FORMATTED CONTENTS NOTE
Formatted contents note Guidance notes: GN1 Trade related property valuations -- GN2 Plant and equipment -- GN3 Valuations of portfolios and groups of properties --GN4 Mineral-bearing land and waste management -- GN5 Valuation uncertainty -- GN6 European Directives and regulations relevant to valuation
505 2# - FORMATTED CONTENTS NOTE
Formatted contents note Valuation information papers
505 2# - FORMATTED CONTENTS NOTE
Formatted contents note Index
520 ## - SUMMARY, ETC.
Summary, etc. Dutch translation of the 6th edition - March 2009.
520 ## - SUMMARY, ETC.
Summary, etc. RICS Valuation Standards (The Red Book) is issued by RICS Valuation Faculty and contains mandatory rules and best practice guidance for all RICS members undertaking valuations services worldwide. The standards contained in this sixth edition are compliant with current International Valuation Standards, published by the International Valuation Standards Committee (IVSC).
520 ## - SUMMARY, ETC.
Summary, etc. This is a global edition of the update of the sixth edition of the Red Book, which has been produced for promotional purposes. The UK Practice Statements and Guidance notes have been removed: for the full copy of RICS Valuation Standards, see E146786. Copies are held by the Library for archival purposes only and the publication should not be loaned out.
650 24 - SUBJECT ADDED ENTRY--TOPICAL TERM
Topical term or geographic name entry element RICS VALUATION STANDARDS GLOBAL EDITION
651 #4 - SUBJECT ADDED ENTRY--GEOGRAPHIC NAME
Geographic name International
690 ## - LOCAL SUBJECT ADDED ENTRY--TOPICAL TERM (OCLC, RLIN)
Topical term or geographic name as entry element PROPERTY-PROPERTY APPRAISAL AND VALUATION
942 ## - ADDED ENTRY ELEMENTS (KOHA)
Suppress in OPAC 0
Holdings
Withdrawn status Lost status Damaged status Not for loan Home library Current library Shelving location Date acquired Total Checkouts Full call number Barcode Date last seen Copy number Price effective from Koha item type
        London London RICS Boxes 03/08/2017   RICS 2009/57 30078509 06/08/2019 1 06/08/2019 Archive
        London London Archive copy 15/01/2025   RED BOOKS   15/01/2025   15/01/2025 Book